000 00437nam a2200193Ia 4500
005 20240823020459.0
008 240823s9999||||xx |||||||||||||| ||und||
020 _a81-7167-460-7
041 _aENGLISH
082 _A823 P4
100 _aJohn Bunyan
245 4 _aThe Pilgrims Progress
250 _a1st
260 _c2004
_b"Rupa,New "
_aNew Delhi
500 _aYES
650 _aStory
_bGeneral
942 _cBK
999 _c174854
_d174854